000 00331nam a22001457a 4500
008 210602b ||||| |||| 00| 0 eng d
020 _a2901133602995
041 _aeng
080 _25th
_a61
082 _a61
100 _a3
101 _aSHM
245 _aAdministrative Medical Assisting
_cWilburta Q. Lindh
942 _2udc
_cBK
999 _c57881
_d57881